000 00921nam a2200265Ia 4500
003 OSt
005 20221005111129.0
006 a|||||r|||| 00| 0
007 ta
008 221004b |||||||| |||| 00| 0 hin d
020 _a8170556627 (hbk)
_c100
024 _a112493
037 _b370, 17/02/2011, Vani Prakashan
_cTextual
040 _aCRL
_cCRL
_bhin
041 _2hin
_ahin
082 _aO152,1N481x, P4
100 _aडबराल, मंगलेश
245 0 _aआवाज़ भी एक जगह है
246 _aĀvāज़ bhī ek jagah hai
260 _aनई दिल्ली
_bवाणी प्रकाशन भारत
_c2004
300 _a90पृ0
_ccm.
650 _aहिन्दी साहित्य
942 _hO152,1N481x, P4
_cTEXL
_2cc
999 _c1020906
_d1020906